000 00343 a2200157 4500
001 159187
020 _a
040 _cMagnum
100 _a-
240 1 0 _aAventura na ciencia/tempo e espaco
_lpor
245 1 0 _aAventura na ciencia/tempo e espaco
362 0 _a1899
440 1 _aGlobo
697 _aMAGNITO: ENCICLOPEDIAS
942 _cBK
999 _c159187
_d159187